000 00760nam a2200229Ii 4500
003 JO-AjNU
008 230605s9999||||xx |||||||||||||| ||und||
017 _a1995/12/1361
040 _aJO-AjNU
_bara
_erda
_cJO-AjNU
041 _aara
050 1 4 _aJQ1825.J6.M3722.1995
100 3 _a خليفات، عوض ,
_eauthor
_947701
245 0 0 _aالميثاق الوطني الأردني
250 _a(د،ط)
264 3 1 _aعمان : وزارة الشباب ، 1995
300 _a78ص
336 _atext
_btxt
_2rdacontent
337 _aunmediated
_bn
_2rdamedia
338 _avolume
_bnc
_2rdacarrier
490 0 _aسلسلة التثقيف الشبابي (28)
650 4 _aالحقوق المدنية -- الاردن -- سياسة الدولة
_947702
999 _aA20842
_c24410
_d24410